[Event "10th American Continental"]
[Site "Montevideo URU"]
[Date "2015.05.22"]
[Round "9.32"]
[White "Kimelman, Gabriel"]
[Black "Valenzuela Gomez, Fernando"]
[Result "0-1"]
[WhiteTitle "CM"]
[WhiteElo "2067"]
[BlackElo "2282"]
[WhiteFideId "3003035"]
[BlackFideId "3409392"]
[EventDate "2015.05.15"]
[EventType "swiss"]

1. c4 e6 2. g3 d5 3. Bg2 d4 4. Nf3 Nf6 5. O-O c5 6. e3 Nc6 7. exd4 cxd4 8. d3
Bd6 9. Na3 O-O 10. Nc2 e5 11. b4 Re8 12. b5 Nb8 13. a4 Nbd7 14. a5 Rb8 15. Ba3
Bxa3 16. Rxa3 Nc5 17. Nb4 Qd6 18. Qd2 a6 19. Rb1 Bd7 20. Nc2 e4 21. Nfe1 exd3
22. Nxd3 Bf5 23. Qb4 Nfd7 24. Rd1 Qe7 25. Nce1 Rbd8 26. Raa1 h5 27. Bd5 Bg4 28.
Rd2 Be6 29. Nf4 Bxd5 30. Nxd5 Qe4 31. Rad1 Ne6 32. Nc2 Ng5 33. Nce3 Nf3+ 34. Kf1
Nxd2+ 35. Rxd2 dxe3 36. Nxe3 Ne5 0-1

[Event "10th American Continental"]
[Site "Montevideo URU"]
[Date "2015.05.22"]
[Round "9.33"]
[White "Menna Barreto, Felipe Kubiaki"]
[Black "Cardoso Pimenta, Ciro Jose"]
[Result "1-0"]
[WhiteTitle "FM"]
[WhiteElo "2271"]
[BlackElo "2066"]
[WhiteFideId "2119757"]
[BlackFideId "2118599"]
[EventDate "2015.05.15"]
[EventType "swiss"]

1. e4 c6 2. d3 e5 3. Nf3 d6 4. d4 Nf6 5. Nc3 Nbd7 6. a4 Be7 7. Bc4 O-O 8. O-O
Qc7 9. Re1 b6 10. h3 a6 11. Ba2 Bb7 12. Nh4 g6 13. Nf3 exd4 14. Qxd4 Ne5 15.
Nxe5 dxe5 16. Qc4 Bc5 17. Bg5 Kg7 18. a5 Ne8 19. Na4 Bd4 20. axb6 Bxb6 21. Nxb6
Qxb6 22. Be7 Nc7 23. Bxf8+ Rxf8 24. Qb3 Qa7 25. Rad1 Bc8 26. Qc3 Re8 27. Qxc6
Re7 28. Re3 Be6 29. Bd5 Nb5 30. Bxe6 Nd4 31. Qa4 Rxe6 32. c3 Nb5 33. Qb4 Qc7 34.
Red3 Rf6 35. Rd8 Kh6 36. Qf8+ Kg5 37. h4+ Kh5 38. Qh8 Qb6 39. Qxh7+ Kg4 40. R8d2
Nd6 41. Qh6 Nxe4 42. Re1 Rxf2 43. Rxe4+ Rf4+ 44. Rdd4 1-0

[Event "10th American Continental"]
[Site "Montevideo URU"]
[Date "2015.05.22"]
[Round "9.34"]
[White "Hirota da Silva, Nilton"]
[Black "Curi, Gabriel"]
[Result "0-1"]
[BlackTitle "FM"]
[WhiteElo "2045"]
[BlackElo "2253"]
[WhiteFideId "2101700"]
[BlackFideId "3000400"]
[EventDate "2015.05.15"]
[EventType "swiss"]

1. c4 c6 2. d4 d5 3. e3 Nf6 4. Nf3 e6 5. Nc3 Nbd7 6. cxd5 exd5 7. Bd3 Bd6 8. h3
O-O 9. Bd2 Re8 10. O-O Ne4 11. Be1 f5 12. Nd2 Qf6 13. Bxe4 fxe4 14. f3 exf3 15.
Qxf3 Qxf3 16. Rxf3 Nf6 17. Rd1 Bd7 18. Bg3 Bxg3 19. Rxg3 Re7 20. Rf3 Be8 21.
Rdf1 Bg6 22. g4 Bd3 23. Re1 h6 24. Rg3 Rae8 25. Kf2 Kh7 26. Nf3 Rf8 27. Kg1 Nd7
28. g5 Kh8 29. gxh6 gxh6 30. Nh4 Rg8 31. Rxg8+ Kxg8 32. Ng2 Nf6 33. Nf4 Bf5 34.
Kf2 Rg7 35. b4 Kf8 36. Rc1 Ke7 37. a4 Kd6 38. Rd1 Nd7 39. Nce2 Bc2 40. Ra1 Nb6
41. a5 Nc4 42. Rc1 Bh7 43. h4 Re7 44. Rc3 b6 45. axb6 axb6 46. h5 Ra7 47. Ng3
Ra2+ 48. Kf3 Rb2 49. Ng6 Rxb4 50. Nf5+ Kc7 51. Nxh6 Rb1 52. Kg2 b5 53. Ng4 b4
54. Rd3 b3 55. Nf6 b2 56. Rb3 Nxe3+ 57. Kh2 Nf5 58. Ne5 Nxd4 59. Ne8+ Kd8 60.
Rb8+ Ke7 61. Ng6+ Kd7 62. Nf8+ Ke7 63. Ng6+ Kf7 64. Nh8+ Ke6 65. Ng7+ Kd7 66.
Nf7 Kc7 67. Rb4 c5 68. Ne8+ Kd7 69. Nf6+ Ke6 70. Rb6+ Kxf7 71. Nxh7 Nf3+ 72. Kg3
Rg1+ 73. Kxf3 b1=Q 74. Ng5+ Ke7 75. Rxb1 Rxb1 76. h6 Rh1 77. h7 Kf6 78. Kg4 Kg6
79. Ne6 c4 80. Nf4+ Kxh7 81. Nxd5 Rd1 82. Ne3 c3 83. Kf3 Rd2 84. Nc4 c2 85. Nxd2
c1=Q 86. Ne4 Kg6 87. Ng3 Kf6 88. Ne4+ Ke5 89. Nf2 Qf4+ 90. Ke2 Kd4 91. Ke1 Qf3
92. Nd1 Qg2 93. Nf2 Ke3 94. Nd1+ Kf3 95. Nc3 Qc2 0-1

[Event "10th American Continental"]
[Site "Montevideo URU"]
[Date "2015.05.22"]
[Round "9.35"]
[White "Izquierdo, Sebastian"]
[Black "Hernandez, Cristian Andres"]
[Result "1/2-1/2"]
[BlackTitle "IM"]
[WhiteElo "2040"]
[BlackElo "2250"]
[WhiteFideId "3001610"]
[BlackFideId "4402308"]
[EventDate "2015.05.15"]
[EventType "swiss"]

1. d4 Nf6 2. c4 e6 3. g3 c5 4. d5 exd5 5. cxd5 d6 6. Nc3 g6 7. Bg2 Bg7 8. Nf3
O-O 9. O-O Re8 10. Nd2 b6 11. a4 Ba6 12. Re1 Nbd7 13. h3 Qc7 14. Qc2 Rec8 15. b3
Rab8 16. Nc4 b5 17. axb5 Bxb5 18. Bf1 Bxc4 19. bxc4 Nh5 20. Bd2 Ne5 21. Ra4 a6
22. Rea1 Rb6 23. R1a2 h6 24. Kh2 Qb7 25. Nd1 1/2-1/2

[Event "10th American Continental"]
[Site "Montevideo URU"]
[Date "2015.05.22"]
[Round "9.36"]
[White "Teixeira, Ricardo da Silva"]
[Black "Carbone, Diego"]
[Result "1-0"]
[WhiteTitle "FM"]
[BlackTitle "CM"]
[WhiteElo "2223"]
[BlackElo "2052"]
[WhiteFideId "2100126"]
[BlackFideId "3002179"]
[EventDate "2015.05.15"]
[EventType "swiss"]

1. e4 c5 2. Nf3 e6 3. Nc3 Nc6 4. g3 Nf6 5. Bg2 a6 6. O-O Qc7 7. d4 cxd4 8. Nxd4
Bc5 9. Nxc6 dxc6 10. Na4 Ba7 11. c4 Nd7 12. Qg4 O-O 13. Bh6 Bd4 14. Rad1 Bf6 15.
Be3 b5 16. Nc3 Ne5 17. Qf4 Qe7 18. Bd4 g5 19. Qc1 bxc4 20. f4 gxf4 21. Qxf4 Nf3+
22. Qxf3 Bxd4+ 23. Rxd4 Qc5 24. Qf2 e5 25. Rd2 1-0

[Event "10th American Continental"]
[Site "Montevideo URU"]
[Date "2015.05.22"]
[Round "9.37"]
[White "Fernandez, Maria Florencia"]
[Black "Colman, Matias"]
[Result "1/2-1/2"]
[WhiteTitle "WIM"]
[WhiteElo "2200"]
[BlackElo "2036"]
[WhiteFideId "116459"]
[BlackFideId "3000699"]
[EventDate "2015.05.15"]
[EventType "swiss"]

1. d4 d5 2. c4 c6 3. Nc3 Nf6 4. Nf3 e6 5. e3 Nbd7 6. Qc2 Bd6 7. g4 Bb4 8. Bd2 b6
9. Rg1 Bb7 10. g5 Bxc3 11. Bxc3 Ne4 12. cxd5 cxd5 13. Bb4 Rc8 14. Qb3 a6 15. a4
Qc7 16. Bd3 e5 17. Ba3 Nec5 18. dxc5 e4 19. cxb6 Nc5 20. Bb5+ axb5 21. Qxb5+ Qd7
22. Qxd7+ Nxd7 23. Nd4 Nxb6 24. b3 g6 25. Kd2 Kd7 26. a5 Na8 27. Rgc1 Nc7 28. b4
Ne6 29. Nb3 Ba6 30. Bb2 Rxc1 31. Rxc1 Rc8 32. Rxc8 Kxc8 33. Bf6 Kd7 34. Kc3 Kc6
35. Nd2 Be2 36. Nb1 Bd3 37. Na3 Be2 38. Kd2 Ba6 39. Nb1 Bf1 40. Nc3 Ba6 41. Kc2
Bc4 42. Kb2 Nc7 43. Na4 Kb5 44. Ka3 Ne6 45. h4 Kc6 46. Be5 Nf8 47. Nc3 Bd3 48.
Kb3 Ne6 49. Na4 Nf8 50. Nb6 Nd7 51. Nxd7 Kxd7 52. Kc3 Kc6 53. Kd4 Ba6 54. Bg7
Bc4 55. Bf8 Ba6 56. Ke5 Bc8 57. Bc5 Kb5 58. Kxd5 Bb7+ 59. Ke5 Bc6 60. Kf6 Bd5
61. Kg7 Ka6 62. Kxh7 Kb5 63. Kg7 Ka6 64. Kf6 Kb5 65. Ke5 Bb7 66. Kd6 Ba8 67. Kc7
Bd5 68. Be7 Be6 69. Kb7 Bd5+ 70. Ka7 Bc6 71. Bc5 Bd5 72. Kb8 Be6 73. Kc7 Bd5 74.
Kd6 Ba8 75. Ke5 Bb7 76. f4 exf3 77. e4 f2 78. Bxf2 Kxb4 79. Be1+ Kb5 80. Kf6
Bxe4 81. Kxf7 Ka6 82. Kf6 Ka7 83. h5 gxh5 84. g6 Bxg6 85. Kxg6 Ka8 86. Kf5 Ka7
87. Ke5 Ka8 88. Kd5 Kb7 89. Kc5 Ka6 90. Kb4 Kb7 91. Kb5 h4 92. a6+ Ka8 93. Kb6
h3 94. Bg3 h2 1/2-1/2

[Event "10th American Continental"]
[Site "Montevideo URU"]
[Date "2015.05.22"]
[Round "9.38"]
[White "Beckerman, M."]
[Black "Izquierdo, Daniel"]
[Result "1/2-1/2"]
[BlackTitle "FM"]
[WhiteElo "2025"]
[BlackElo "2190"]
[WhiteFideId "109070"]
[BlackFideId "3000044"]
[EventDate "2015.05.15"]
[EventType "swiss"]

1. f4 Nf6 2. Nf3 g6 3. e3 Bg7 4. d4 O-O 5. Nbd2 d6 6. Be2 Nbd7 7. O-O c5 8. c3
Nb6 9. Ng5 e5 10. fxe5 dxe5 11. dxc5 Nbd5 12. Nc4 Qc7 13. Kh1 h6 14. Nf3 e4 15.
Nd4 Qxc5 16. Qe1 b5 17. b4 Qe7 18. Nxb5 Bg4 19. Bd2 Rfc8 20. Ncd6 Rf8 21. Nc4
Rac8 22. Rc1 h5 23. h3 Bd7 24. Nd4 Ne8 25. Na5 Be5 26. c4 Ndf6 1/2-1/2

[Event "10th American Continental"]
[Site "Montevideo URU"]
[Date "2015.05.22"]
[Round "9.39"]
[White "Borgeaud Fuentes, Oscar"]
[Black "Madeira, Wagner Martins"]
[Result "1/2-1/2"]
[BlackTitle "FM"]
[WhiteElo "2003"]
[BlackElo "2179"]
[WhiteFideId "3409325"]
[BlackFideId "2100797"]
[EventDate "2015.05.15"]
[EventType "swiss"]

1. d4 Nf6 2. c4 g6 3. Nc3 Bg7 4. e4 d6 5. f4 O-O 6. Nf3 c5 7. d5 e6 8. dxe6 Bxe6
9. Bd3 Nc6 10. f5 Bc8 11. O-O Ng4 12. Nd5 Nd4 13. Ng5 Nf6 14. Nxf6+ Bxf6 15. Qg4
Kg7 16. Nxh7 Kxh7 17. e5 Bxf5 18. Bxf5 dxe5 19. Be4 Rb8 20. Be3 Kg7 21. Rf2 Bh4
22. Rxf7+ Rxf7 23. Qxg6+ Kf8 24. Qh6+ Ke7 25. Qxh4+ Kd6 26. Qh6+ Qf6 27. Qxf6+
Rxf6 28. g4 Rg8 29. g5 Nf3+ 30. Bxf3 Rxf3 31. Re1 b6 32. Kg2 e4 33. h4 Rh8 34.
Bf2 Rxf2+ 35. Kxf2 Rxh4 36. Kg3 Rh5 37. Rxe4 Rxg5+ 38. Kf2 Rh5 39. Kg2 Rg5+ 1/2-1/2

[Event "10th American Continental"]
[Site "Montevideo URU"]
[Date "2015.05.22"]
[Round "9.40"]
[White "Dornelles, Marcio Neron Camargo"]
[Black "Pichuaga, Juan Pablo"]
[Result "1/2-1/2"]
[WhiteElo "1980"]
[BlackElo "2141"]
[WhiteFideId "2146673"]
[BlackFideId "3000451"]
[EventDate "2015.05.15"]
[EventType "swiss"]

1. e4 e6 2. d4 d5 3. Nd2 dxe4 4. Nxe4 Nf6 5. Nxf6+ Qxf6 6. Nf3 Qd8 7. Bd3 c5 8.
c3 Nc6 9. dxc5 Bxc5 10. O-O Be7 11. Re1 O-O 12. Qc2 g6 13. Bh6 Re8 14. Rad1 Qc7
15. h4 Bf6 16. h5 Bg7 17. Qc1 e5 18. Bxg7 Kxg7 19. Qg5 f6 20. Qg3 Qf7 21. hxg6
hxg6 22. Nh4 Ne7 23. f4 exf4 24. Qxf4 g5 25. Qe4 f5 26. Qe5+ Qf6 27. Nf3 g4 28.
Nd4 Qxe5 29. Rxe5 Kf6 30. Rde1 Bd7 31. Nb5 Nc6 32. Rxe8 Rxe8 33. Rxe8 Bxe8 34.
Nd6 Bd7 35. Nxb7 Ne5 36. Be2 Bc6 37. Na5 Bd5 38. c4 Be4 39. c5 Ke6 40. Nc4 Nc6
41. Nd6 Bb1 42. Bc4+ Ke5 43. a3 a5 44. Bb5 Nd4 45. Bd7 Bd3 46. Kf2 Kd5 47. b4
axb4 48. axb4 Nc2 49. Bxf5 1/2-1/2

[Event "10th American Continental"]
[Site "Montevideo URU"]
[Date "2015.05.22"]
[Round "9.41"]
[White "Lopez Falcon, Jorge"]
[Black "Chang, Suzana"]
[Result "1-0"]
[BlackTitle "WFM"]
[WhiteElo "2138"]
[BlackElo "2022"]
[WhiteFideId "3000850"]
[BlackFideId "2105985"]
[EventDate "2015.05.15"]
[EventType "swiss"]

1. d4 Nf6 2. c4 g6 3. Nf3 Bg7 4. g3 O-O 5. Bg2 d6 6. Nc3 Nc6 7. O-O a6 8. h3 Rb8
9. Be3 e5 10. dxe5 Nxe5 11. Nxe5 dxe5 12. Bg5 Qxd1 13. Rfxd1 c6 14. Rd2 Be6 15.
b3 h6 16. Be3 Rfd8 17. Rad1 Rxd2 18. Rxd2 Bf8 19. Na4 Nd7 20. Nb6 Nxb6 21. Bxb6
f6 22. h4 h5 23. Bf3 Kf7 24. Kg2 Be7 25. e3 Ra8 26. Be4 Rc8 27. f3 Ra8 28. Kf2
a5 29. a4 Ra6 30. Bc7 Bb4 31. Rd8 Bf5 32. Bxf5 gxf5 33. Rb8 Kg6 34. Rxb7 Ra8 35.
Bb6 Ra6 36. Ke2 Ra8 37. Rd7 Rb8 38. c5 Bxc5 39. Bxc5 Rxb3 40. Bf8 1-0

[Event "10th American Continental"]
[Site "Montevideo URU"]
[Date "2015.05.22"]
[Round "9.42"]
[White "Chemin, Justo Reinaldo"]
[Black "Cimer, Emmanuel"]
[Result "0-1"]
[WhiteTitle "FM"]
[WhiteElo "2135"]
[BlackElo "1982"]
[WhiteFideId "2101580"]
[BlackFideId "137073"]
[EventDate "2015.05.15"]
[EventType "swiss"]

1. d4 Nf6 2. Nf3 g6 3. Bg5 Bg7 4. Nbd2 O-O 5. e3 d6 6. Be2 Nbd7 7. O-O h6 8. Bh4
e5 9. dxe5 dxe5 10. c3 g5 11. Bg3 Nh7 12. e4 Qe7 13. Nc4 c6 14. Qd6 Re8 15. Rfd1
Nhf8 16. Qxe7 Rxe7 17. Nd6 Nc5 18. b4 Na4 19. Rac1 Ng6 20. c4 c5 21. b5 Nf4 22.
Bf1 Be6 23. Rd5 Rd7 24. Nf5 Nxd5 25. cxd5 Bxf5 26. exf5 Rxd5 27. Bc4 Rd7 28.
Bxe5 Rad8 29. g4 Rd1+ 30. Rxd1 Rxd1+ 31. Kg2 Nb6 32. Bb3 Rc1 33. f6 c4 34. fxg7
cxb3 35. axb3 Nd7 36. Bd4 f6 37. Bxa7 b6 38. Nd4 Rc7 39. Nc6 Rb7 40. Kf3 Ne5+
41. Ke4 Nd7 42. b4 Kxg7 43. Kf5 Kf8 44. Ke6 Ke8 45. h3 Ne5 46. Kd6 Rd7+ 47. Ke6
Nxc6 48. bxc6 Rxa7 49. b5 Ra2 50. c7 Rc2 51. Kd6 Rc3 52. f3 Rc2 0-1

[Event "10th American Continental"]
[Site "Montevideo URU"]
[Date "2015.05.22"]
[Round "9.43"]
[White "D Andrea, Leonardo"]
[Black "Caceres Vasquez, Sergio"]
[Result "1/2-1/2"]
[BlackTitle "FM"]
[WhiteElo "1984"]
[BlackElo "2087"]
[WhiteFideId "3005232"]
[BlackFideId "3402169"]
[EventDate "2015.05.15"]
[EventType "swiss"]

1. Nf3 c5 2. e3 Nf6 3. d4 g6 4. Bd3 Bg7 5. Nbd2 d6 6. O-O O-O 7. c3 Nc6 8. Qe2
e5 9. dxc5 dxc5 10. e4 Nh5 11. Nc4 Nf4 12. Bxf4 exf4 13. a4 Bg4 14. Rfd1 Qc7 15.
Bc2 Rad8 16. Rxd8 Rxd8 17. Rd1 Na5 18. Nxa5 Qxa5 19. h3 Bc8 20. Qc4 Rxd1+ 21.
Bxd1 Qd8 22. Bc2 Qe7 23. Qd5 b6 24. Qd2 g5 25. Qd5 h6 26. Qd3 Qd7 27. Qe2 Bb7
28. Nd2 Bc6 29. Qd1 Be5 30. f3 Kg7 31. Kf2 a6 32. Nc4 Qxd1 33. Bxd1 Bc7 34. Ke1
b5 35. axb5 axb5 36. Na3 Kf6 37. Kd2 Ke5 38. Be2 c4 39. Nc2 Bd7 40. Bd1 f5 41.
exf5 Bxf5 42. Nd4 Bd7 43. b3 cxb3 44. Bxb3 b4 45. Ne2 bxc3+ 46. Kxc3 Ba5+ 47.
Kc2 Bb5 48. Kd1 Kd6 49. h4 Ke5 50. hxg5 hxg5 51. Bc2 Kf6 52. g3 g4 53. gxf4 gxf3
54. Ng3 Bc4 55. Ne4+ Ke7 56. Ng3 Bc7 57. Be4 f2 58. Bg2 Bxf4 59. Nf1 Ke6 60. Nd2
Bd5 61. Bf1 Bb7 62. Ke2 Bg3 63. Ke3 Kf5 64. Bh3+ Kg5 65. Ne4+ Kh4 66. Bf1 Bxe4
67. Kxe4 1/2-1/2

[Event "10th American Continental"]
[Site "Montevideo URU"]
[Date "2015.05.22"]
[Round "9.44"]
[White "Moreira, Marcelo"]
[Black "Ibanez, Marcelo"]
[Result "1/2-1/2"]
[WhiteElo "2077"]
[BlackElo "1963"]
[WhiteFideId "3003043"]
[BlackFideId "3002691"]
[EventDate "2015.05.15"]
[EventType "swiss"]

1. e4 e5 2. Nf3 Nc6 3. Bc4 Nf6 4. d3 Be7 5. Bb3 d6 6. c3 Bg4 7. Nbd2 O-O 8. Nf1
Na5 9. Bc2 d5 10. Qe2 c5 1/2-1/2

[Event "10th American Continental"]
[Site "Montevideo URU"]
[Date "2015.05.22"]
[Round "9.45"]
[White "Toledo, Javier"]
[Black "Arias Bouzada, Jorge URU"]
[Result "0-1"]
[BlackTitle "CM"]
[WhiteElo "1769"]
[BlackElo "2070"]
[WhiteFideId "3007502"]
[BlackFideId "3000389"]
[EventDate "2015.05.15"]
[EventType "swiss"]

1. e4 c5 2. Nf3 Nc6 3. d4 cxd4 4. Nxd4 g6 5. c4 Bg7 6. Be3 Nf6 7. f3 O-O 8. Nc3
Qb6 9. Ncb5 a6 10. Nc2 Qd8 11. Nc3 d6 12. Qd2 Be6 13. Rc1 Rc8 14. b3 Nd7 15. Be2
a5 16. Nb5 Nc5 17. O-O f5 18. exf5 Bxf5 19. Rfd1 Qe8 20. Ncd4 Nxd4 21. Bxd4
Bxd4+ 22. Qxd4 Qc6 23. Qd2 Qb6 24. Kh1 Rf7 25. Re1 Rcf8 26. Rcd1 Bd7 27. Nd4 Rf6
28. Nc2 Bc6 29. Ne3 e5 30. Nd5 Bxd5 31. Qxd5+ Kg7 32. Rd2 a4 33. Rb1 axb3 34.
axb3 Qb4 35. Bd1 Ra8 36. Re2 Ra2 37. Bc2 Ne6 38. Qd1 Nd4 39. Rd2 Qc3 40. Rc1 Rf8
41. Rd3 Qb2 42. Rd2 Rfa8 43. Rb1 Qc3 44. Rc1 Rxc2 45. Rdxc2 Qxc2 0-1

[Event "10th American Continental"]
[Site "Montevideo URU"]
[Date "2015.05.22"]
[Round "9.46"]
[White "Muzzi, Eduardo"]
[Black "El Ters, Antouan"]
[Result "0-1"]
[WhiteTitle "CM"]
[WhiteElo "1987"]
[BlackElo "2208"]
[WhiteFideId "3001253"]
[BlackFideId "3000150"]
[EventDate "2015.05.15"]
[EventType "swiss"]

1. e4 c5 2. Nf3 Nc6 3. d4 cxd4 4. Nxd4 Nf6 5. Nc3 d6 6. Be2 g6 7. Be3 Bg7 8. O-O
O-O 9. h3 Bd7 10. Qd2 Rc8 11. f4 a6 12. Nxc6 Bxc6 13. Bf3 Qc7 14. Qf2 b5 15. a3
Qb7 16. e5 dxe5 17. fxe5 Ne4 18. Bxe4 Bxe4 19. Bf4 Bf5 20. Rad1 Be6 21. Qd4 Rc4
22. Qd2 Qc6 23. Rf3 Qc5+ 24. Kh1 Bxe5 25. Bxe5 Qxe5 26. Rd3 Rcc8 27. Qh6 Rfe8
28. Rd4 Qg7 29. Qe3 Rc4 30. Rd8 Rc8 31. Qb6 Rexd8 32. Rxd8+ Rxd8 33. Qxd8+ Qf8
34. Qxf8+ Kxf8 35. Ne4 f5 36. Nc5 Bc8 37. Kg1 e5 38. Kf2 Ke7 39. Ke3 Kd6 40. b4
a5 41. h4 axb4 42. axb4 Kd5 43. g3 h6 44. Kd3 g5 45. hxg5 hxg5 46. Nb3 f4 47.
gxf4 Bf5+ 48. Kd2 exf4 49. c3 Bh3 50. Nd4 Bd7 51. Ke2 Ke4 52. Kf2 g4 53. Kg2 Ke3
54. Nc2+ Kd2 55. Nd4 f3+ 0-1

[Event "10th American Continental"]
[Site "Montevideo URU"]
[Date "2015.05.22"]
[Round "9.47"]
[White "Sosa Macho, Juan Manuel"]
[Black "Sopko, Cassio Roberto"]
[Result "0-1"]
[WhiteElo "2137"]
[BlackElo "1930"]
[WhiteFideId "3000354"]
[BlackFideId "2167867"]
[EventDate "2015.05.15"]
[EventType "swiss"]

1. d4 f5 2. Bg5 c6 3. h4 Qb6 4. b3 d5 5. Nf3 Nd7 6. h5 Ngf6 7. e3 e6 8. Nbd2 Bb4
9. Bd3 Bc3 10. Rb1 Ne4 11. Bxe4 dxe4 12. Ng1 h6 13. Bh4 Qa5 14. a4 Nb6 15. Ne2
Nd5 16. Qc1 b6 17. Nxc3 Qxc3 18. b4 Nxb4 19. Rb3 Nd3+ 20. Kd1 Qxb3 21. cxb3 Nxc1
22. Kxc1 Ba6 23. Kb2 Rc8 24. g4 Bd3 25. Rg1 c5 26. gxf5 cxd4 27. fxe6 dxe3 28.
fxe3 O-O 29. e7 Rfe8 30. Ka3 Kf7 31. Rg4 Rc5 32. Rf4+ Kg8 33. Nxe4 Bxe4 34. Rxe4
Rxh5 35. Bg3 Rc5 36. b4 Rcc8 37. b5 Kf7 38. Bd6 g5 39. a5 Rc1 40. a6 Rd1 41. Bb4
Rd7 42. Rc4 Rdxe7 43. Bxe7 Rxe7 44. e4 h5 45. Kb4 g4 46. Kc3 g3 47. Kd4 g2 48.
Rc1 h4 49. Ke3 h3 50. Kf2 Rxe4 51. Kg3 Re3+ 52. Kh2 Rf3 53. Rc7+ Ke6 54. Rxa7
Rf1 55. Rg7 Rh1+ 0-1

[Event "10th American Continental"]
[Site "Montevideo URU"]
[Date "2015.05.22"]
[Round "9.48"]
[White "Daneri, Martin"]
[Black "Pena Canapa, Alfredo"]
[Result "1-0"]
[WhiteTitle "CM"]
[WhiteElo "2109"]
[BlackElo "1785"]
[WhiteFideId "104981"]
[BlackFideId "3003140"]
[EventDate "2015.05.15"]
[EventType "swiss"]

1. e4 c5 2. Nf3 d6 3. d4 cxd4 4. Qxd4 Nc6 5. Bb5 Bd7 6. Bxc6 Bxc6 7. Nc3 Nf6 8.
Bg5 e6 9. O-O-O Be7 10. Rhe1 O-O 11. Kb1 Qa5 12. Qd2 Qc7 13. Nd4 a6 14. f3 Rfd8
15. g4 Rac8 16. Nce2 b5 17. Ng3 Bb7 18. Rg1 Ne8 19. h4 Bf6 20. Bxf6 Nxf6 21. Nh5
Ne8 22. Rde1 Rd7 23. g5 Qc5 24. Nf6+ Nxf6 25. gxf6 Qh5 26. Rxg7+ Kh8 27. Nxe6 1-0

[Event "10th American Continental"]
[Site "Montevideo URU"]
[Date "2015.05.22"]
[Round "9.49"]
[White "Guisande, Fernando"]
[Black "Manzi, Luiz Antonio Bardaro"]
[Result "0-1"]
[WhiteElo "1898"]
[BlackElo "2091"]
[WhiteFideId "3002918"]
[BlackFideId "2102641"]
[EventDate "2015.05.15"]
[EventType "swiss"]

1. e4 Nf6 2. e5 Nd5 3. d4 d6 4. Nf3 g6 5. Bc4 c6 6. O-O Bg7 7. Re1 O-O 8. Bb3
Nc7 9. Bf4 Be6 10. exd6 exd6 11. Qc1 Bxb3 12. axb3 Ne6 13. Bh6 Qf6 14. Bxg7 Kxg7
15. Nc3 Nxd4 16. Nxd4 Qxd4 17. Re4 Qf6 18. Raa4 Nd7 19. Rf4 Qd8 20. Rh4 h5 21.
Rh3 Ne5 22. g4 Qd7 23. Kg2 Nxg4 24. Ne2 Qf5 25. Rf4 Qd5+ 26. Kg1 Rae8 27. Ng3
Nf6 28. Rf5 Qe6 29. Qg5 Rh8 30. Kg2 Ne4 31. Nxe4 Qxe4+ 32. Rhf3 Rhf8 33. Qf6+
Kg8 34. Rg5 Re6 35. Qc3 Re5 36. Rg3 h4 37. Rh3 g5 38. Qd3 g4 39. Qxe4 Rxe4 40.
Re3 gxh3+ 0-1

[Event "10th American Continental"]
[Site "Montevideo URU"]
[Date "2015.05.22"]
[Round "9.50"]
[White "Ibanez, Juan Rodrigo"]
[Black "Boff, Andre Ricardo"]
[Result "1-0"]
[WhiteTitle "CM"]
[WhiteElo "2059"]
[BlackElo "1927"]
[WhiteFideId "3002071"]
[BlackFideId "2154854"]
[EventDate "2015.05.15"]
[EventType "swiss"]

1. e4 e6 2. d4 d5 3. e5 c5 4. c3 Bd7 5. Nf3 Qb6 6. a3 c4 7. Nbd2 Nc6 8. b3 cxb3
9. Nxb3 Na5 10. Nxa5 Qxa5 11. Bd2 Qa4 12. Qb1 Rb8 13. Bd3 Ne7 14. O-O a6 15. Rc1
Bb5 16. Bc2 Qc4 17. a4 Bd7 18. Bd3 Qc7 19. c4 Qd8 20. cxd5 Nxd5 21. Bxh7 Be7 22.
Be4 Bc6 23. Qd3 Qd7 24. Bg5 Bxg5 25. Nxg5 Qe7 26. Qg3 Kd7 27. Rab1 f5 28. exf6
gxf6 29. Bxd5 exd5 30. Qg4+ Kd6 31. Re1 Qf8 32. Ne6 Re8 33. Qf4+ Kd7 34. Qc7# 1-0

[Event "10th American Continental"]
[Site "Montevideo URU"]
[Date "2015.05.22"]
[Round "9.51"]
[White "Garcia La Rosa, Lorena Estefania"]
[Black "Gomes, Carlos Henrique Caldeira"]
[Result "1/2-1/2"]
[WhiteTitle "WCM"]
[WhiteElo "2017"]
[BlackElo "1894"]
[WhiteFideId "3901262"]
[BlackFideId "2120160"]
[EventDate "2015.05.15"]
[EventType "swiss"]

1. c4 Nf6 2. Nc3 c6 3. e4 d5 4. e5 d4 5. exf6 dxc3 6. bxc3 gxf6 7. d4 e6 8. Bf4
Bd6 9. Bg3 Bxg3 10. hxg3 Qa5 11. Qd2 Qg5 12. Nf3 Qxd2+ 13. Kxd2 Nd7 14. Bd3 b6
15. Rh6 Bb7 16. Rah1 c5 17. Rxh7 Rxh7 18. Rxh7 Rd8 19. Ke3 Bxf3 20. gxf3 f5 21.
Bc2 Ke7 22. Ba4 Nf6 23. Rh1 Rc8 24. Rc1 Rd8 25. Rb1 Kd6 26. Bc2 Rc8 27. Bd3 Nd7
28. f4 Nf6 29. f3 Rh8 30. Rg1 Rh2 31. Be2 Rh3 32. Bf1 Rh2 33. Rg2 Rh1 34. Bd3
Re1+ 35. Re2 Rg1 36. Kf2 Rc1 37. Rc2 Rd1 38. Be2 Rh1 39. Kg2 Re1 40. Kf2 Rh1 41.
Bf1 Rh8 42. Ke3 Rh1 43. Rf2 Rg1 44. Bg2 Re1+ 45. Re2 Rc1 46. Kd2 Ra1 47. Ke3 Rc1
48. Kd2 Ra1 1/2-1/2

[Event "10th American Continental"]
[Site "Montevideo URU"]
[Date "2015.05.22"]
[Round "9.52"]
[White "Cao, Jorge"]
[Black "Moccero, Eduardo"]
[Result "1-0"]
[WhiteElo "1929"]
[BlackElo "2004"]
[WhiteFideId "3000109"]
[BlackFideId "103373"]
[EventDate "2015.05.15"]
[EventType "swiss"]

1. d4 d5 2. c4 Nc6 3. cxd5 Qxd5 4. Nf3 e5 5. Nc3 Bb4 6. a3 Bxc3+ 7. bxc3 Nge7 8.
e3 exd4 9. cxd4 Bg4 10. Be2 O-O 11. O-O Bf5 12. Bb2 Ng6 13. Rc1 Rad8 14. Bc4 Qd7
15. d5 Qe7 16. Qb3 Na5 17. Qc3 Qf6 18. Qxf6 gxf6 19. Ba2 Rd7 20. Bxf6 b6 21.
Rfd1 Nb7 22. Nd4 Be4 23. f3 Rd6 24. fxe4 Rxf6 25. Rxc7 Nc5 26. Bb1 Re8 27. Nf3
Rd6 28. Nd4 Nxe4 29. Bxe4 Rxe4 30. Nf5 Rd8 31. Nh6+ 1-0